000 00373nam a2200145 a 4500
005 20260220154415.0
008 260215s2026##################000#0#eng##
020 _a9780075090091
_qpbk
041 _aeng
082 0 4 _a294.5516
_bHAR
100 _aHarrigan, patrick
245 1 0 _aKataragama the mystery shrine
_c/patrick Harrigan
650 _areligion
942 _cENGLISH
999 _c612672
_d612672